Missing Word: Clothing in Songs Quiz Stats

 Plays Quiz Updated Jun 10, 2013

Support Sporcle.
Go Orange.
Score 0/16 Timer 03:00
1 Play Today
Song Clothing Article % Correct
These _____ Are Made For Walkin'Boots
97.3%
Goody Two _____Shoes
96.9%
____ of Many ColorsCoat
82.2%
Zoot ____ RiotSuit
79.7%
Devil With A Blue ____Dress
78.3%
____ Off To (Roy) HarperHats
77.8%
Short _____/Long JacketSkirt
69.8%
I Love My ____Shirt
67.4%
Song Clothing Article % Correct
____ Hang LowPants
64.1%
Short _____Shorts
63.4%
Raspberry _____Beret
55.6%
____ SongThong
48.9%
White ____ / Flip FlopsSocks
47.4%
Undone - The ______ SongSweater
38.9%
Blue _____Jeans
36%
This Velvet _____Glove
23.4%

Today's Daily Dose

Missing Word
'80s Musicals

Word Ladder
Hereditary

Get the Picture
Food Names

From the Vault

Remove Ads.
Support Sporcle.
Get the best of Sporcle when you Go Orange. This ad-free experience offers more features, more stats, and more fun while also helping to support Sporcle. Thank you for becoming a member.

Show Comments

Extras

Top Quizzes Today


Score Distribution

Your Account Isn't Verified!

In order to create a playlist on Sporcle, you need to verify the email address you used during registration. Go to your Sporcle Settings to finish the process.

Report this User

Report this user for behavior that violates our Community Guidelines.

Details: